000
00293nam a22001337a 4500
008
170126b xxu||||| |||| 00| 0 eng d
020
_a
9780815136118
041
_a
eng
080
_a
61
100
_a
3
101
_a
SHM
245
_a
HEALTH PROMOTION HANDBOOK
_c
GORIN, SH.SH
942
_2
udc
_c
BK
999
_c
3809
_d
3809